Online
Catalog

Educación, paz y derechos humanos : (Record no. 14063)

MARC details
000 -CABECERA
campo de control de longitud fija 01352cam a2200277 a 4500
001 - NÚMERO DE CONTROL
campo de control 000014474
005 - FECHA Y HORA DE LA ÚLTIMA TRANSACCIÓN
campo de control 20200929163845.0
008 - DATOS DE LONGITUD FIJA--INFORMACIÓN GENERAL
campo de control de longitud fija 990203s1998 mx b 000 0 spa
020 ## - NÚMERO INTERNACIONAL ESTÁNDAR DEL LIBRO
Número Internacional Estándar del Libro 9686101942
035 ## - NÚMERO DE CONTROL DEL SISTEMA
Número de control de sistema (DLC) 99169048
040 ## - FUENTE DE LA CATALOGACIÓN
Centro catalogador/agencia de origen DO-SdBNP
Lengua de catalogación spa
Centro/agencia transcriptor DLC
Centro/agencia modificador BNPHU
082 ## - NÚMERO DE LA CLASIFICACIÓN DECIMAL DEWEY
Número de clasificación 323
Número de documento/Ítem E24p
049 ## - FONDOS LOCALES (OCLC)
Fondos de biblioteca BNGR
245 00 - MENCIÓN DE TÍTULO
Título Educación, paz y derechos humanos :
Resto del título ensayos y experiencias /
Mención de responsabilidad, etc. coordinador Gerardo Pérez Viramontes.
260 ## - PUBLICACIÓN, DISTRIBUCIÓN, ETC.
Lugar de publicación, distribución, etc. Jalisco :
Nombre del editor, distribuidor, etc. Instituto Tecnológico y de Estudio Superiores de Occidente ;
Lugar de publicación, distribución, etc. Puebla :
Nombre del editor, distribuidor, etc. Universidad Iberoamericana,
Fecha de publicación, distribución, etc. c1998.
300 ## - DESCRIPCIÓN FÍSICA
Extensión 222 p. ;
Dimensiones 22 cm.
500 ## - NOTA GENERAL
Nota general Documentos de la Paz para la Encuentro de Educación y los Derechos Humanos, Realizado del 16-19 de 1997, en el Instituto Tecnológico de Estudios Superiores de Occidente, Guadalajara, México.
504 ## - NOTA DE BIBLIOGRAFÍA, ETC.
Nota de bibliografía, etc. Includes bibliographical references.
650 #4 - PUNTO DE ACCESO ADICIONAL DE MATERIA--TÉRMINO DE MATERIA
Término de materia o nombre geográfico como elemento de entrada Derechos humanos
Subdivisión geográfica México.
9 (RLIN) 32693
650 #4 - PUNTO DE ACCESO ADICIONAL DE MATERIA--TÉRMINO DE MATERIA
Término de materia o nombre geográfico como elemento de entrada Educación para la paz
9 (RLIN) 32694
650 #4 - PUNTO DE ACCESO ADICIONAL DE MATERIA--TÉRMINO DE MATERIA
Término de materia o nombre geográfico como elemento de entrada Sociología de la educación
9 (RLIN) 7856
700 2# - PUNTO DE ACCESO ADICIONAL--NOMBRE DE PERSONA
Nombre de persona Perez Viramontes, Gerardo.
9 (RLIN) 32695
710 2# - PUNTO DE ACCESO ADICIONAL--NOMBRE DE ENTIDAD CORPORATIVA
Nombre de entidad corporativa o nombre de jurisdicción como elemento de entrada Instituto Tecnologico de Estudios Superiores de Occidente (Guadalajara, Mexico)
9 (RLIN) 28550
711 2# - PUNTO DE ACCESO ADICIONAL--NOMBRE DE REUNIÓN/CONGRESO
Nombre de congreso/reunión o jurisdicción como elemento de entrada Encuentro de Educacion para la Paz y los Derechos Humanos
Fecha del congreso/reunión (1997 :
Sede del congreso/Lugar de la reunión Instituto Tecnologico de Estudios Superiores de Occidente)
9 (RLIN) 32696
910 ## - DATOS DE OPCIÓN DEL USUARIO (OCLC)
Datos de opción del usuario Catalogación por copia / LC
Holdings
Estado de retiro Estado de pérdida Restricciones de uso No para préstamo Código de colección Localización permanente Ubicación/localización actual Ubicación en estantería Fecha de adquisición Número de inventario Total de préstamos Signatura topográfica completa Código de barras Fecha visto por última vez Precio válido a partir de Tipo de ítem Koha
    Préstamo interno   Monografías: Libros y Folletos General General En catalogación 11.01.2010 LF1   323 E24p 14474-10 25.06.2020 25.06.2020 Préstamo interno

Powered by Koha